000 00702nam a2200289Ia 4500
005 20260324124902.0
008 008 260324s9999 xx 000 0 eng d
020 _a9780203325926
037 _aEBOOK
040 _aCRL
040 _beng
040 _cCRL
041 _2eng
041 _aeng
084 _qCRL
100 _aShafiq Dhanani; Iyanatul Islam; Anis Chowdhury
_91175871
245 4 _aThe Indonesian Labour Market
245 0 _bChanges and challenges
260 _bTaylor and Francis
260 _c2009
365 _a
365 _b255
856 _uhttp://www.taylorfrancis.com/books/9780203325926
942 _cEBOOK
999 _c1770656
_d1770656